000 00677nam a22002177a 4500
005 20130820110207.0
010 _aENG-108156
020 _a9781107008328
_c995.00
035 _aEN-91689
037 _bDBAD/PUB
082 _a341
100 _aShaw, Malcolm N.
_d1947-
_q (Malcolm Nathan),
245 1 0 _aInternational law /
_cby Malcolm N. Shaw
250 _a6th ed
260 _aNew Delhi
_bCambridge University Press
_c2010
270 _a4381/4, Ansari Road, Daryaganj
_bNew Delhi
_e110002
300 _aclxvi,1542p.
_c24cm(Hb)
500 _aIncludes bibliographical references and index.
650 _a International law.
942 _2ddc
_cEN
_mSHA
_h341
999 _c78085
_d78085